| 000 | 01668cam a22004214a 4500 | ||
|---|---|---|---|
| 001 | data | ||
| 005 | 20260322212105.0 | ||
| 008 | data | ||
| 035 | _a13166073 | ||
| 906 |
_a7 _bcbc _corignew _d1 _eocip _f20 _gy-gencatlg |
||
| 925 | 0 |
_aacquire _b1 shelf copy _xpolicy default |
|
| 955 |
_djc15 2003-04-23 _ejc13 2003-04-23 to Dewey _fjc03 2004-02-12 _gjc03 2004-02-12 to BCCD |
||
| 010 | _a 2003051259 | ||
| 020 |
_a0071402586 _qsoftcover |
||
| 020 |
_a9780071402583 _q(softcover) |
||
| 035 | _a(DNLM)101175747 | ||
| 040 |
_aDNLM/DLC _cDLC _dDLC |
||
| 042 | _apcc | ||
| 050 | 0 | 0 |
_aRA651 _b.F68 2004 |
| 060 | 1 | 0 |
_aWA 105 _bF911p 2004 |
| 082 | 0 | 0 |
_a614.4 _221 |
| 100 | 1 |
_aFriedman, Gary D., _d1934- |
|
| 245 | 1 | 0 |
_aPrimer of epidemiology / _cGary D. Friedman. |
| 250 | _a5th ed. | ||
| 260 |
_aNew York : _bMcGraw-Hill, Medical Pub. Division, _cc2004. |
||
| 300 |
_ax, 401 p. : _bill. ; _c22 cm. |
||
| 336 |
_atext _btxt _2rdacontent |
||
| 337 |
_aunmediated _bn _2rdamedia |
||
| 338 |
_avolume _bnc _2rdacarrier |
||
| 504 | _aIncludes bibliographical references and index. | ||
| 650 | 0 | _aEpidemiology. | |
| 650 | 1 | 2 | _aEpidemiology. |
| 856 | 4 | 2 |
_3Publisher description _uhttp://www.loc.gov/catdir/description/mh031/2003051259.html |
| 856 | 4 | 1 |
_3Table of contents _uhttp://www.loc.gov/catdir/toc/mh031/2003051259.html |
| 856 | 4 | 2 |
_3Contributor biographical information _uhttp://www.loc.gov/catdir/enhancements/fy0705/2003051259-b.html |
| 985 |
_aNLMCIP _d2003-04-23 |
||
| 999 |
_c1532 _d1532 |
||